Prácticas de lectura en un "ambiente alfabetizador" / (Registro nro. 32598)
[ vista simple ]
| 000 -CABECERA | |
|---|---|
| campo fijo de control de longitud | 01307nab a2200265 4500 |
| 003 - IDENTIFICADOR DEL NÚMERO DE CONTROL | |
| campo de control | AR-RoBPED |
| 005 - FECHA Y HORADE LA ULTIMA TRANSACCION | |
| campo de control | 20260422111029.0 |
| 008 - ELEMENTOS DE LONGITUD FIJA--INFORMACION GENERAL | |
| campo fijo de control de longitud | 260422b |||||||| |||| 00| 0 spa d |
| 040 ## - FUENTE CATALOGADORA | |
| Centro catalogador/agencia de origen | AR-RoBPED |
| 041 ## - IDIOMA | |
| Código de idioma para texto/pista de sonido o título independiente | spa |
| 100 1# - ENCABEZAMIENTO PRINCIPAL--AUTOR PERSONAL | |
| Nombre de persona | Donato, Valeria |
| 9 (RLIN) | 22847 |
| Función | Docente especializada en Lectura y Escritura |
| 245 1# - TITULO | |
| Título | Prácticas de lectura en un "ambiente alfabetizador" / |
| 260 ## - PUBLICACION | |
| Lugar | Buenos Aires : |
| Editor | Noveduc, |
| Fecha | 2024 |
| 300 ## - DESCRIPCION FISICA | |
| Extensión | 62-66 p. |
| 500 ## - NOTA GENERAL | |
| Nota general | La autora caracteriza al ambiente alfabetizador como un escenario propicio para que los niños y las niñas interactúen de manera significativa con variados materiales que portan escrituras. También señala que las intervenciones docentes son fundamentales para dar lugar a la apropiación del lenguaje escrito. Para cerrar, muestra una secuencia donde se observa cómo el aula se constituye como ambiente alfabetizador. |
| 650 #7 - TERMINO DE MATERIA--CONTROLADO | |
| Término controlado | ALFABETIZACION |
| 9 (RLIN) | 386 |
| Término controlado | ACTIVIDADES DE APRENDIZAJE |
| 9 (RLIN) | 783 |
| Término controlado | LECTOESCRITURA |
| 9 (RLIN) | 825 |
| Término controlado | ESCUELA |
| 9 (RLIN) | 20136 |
| Término controlado | LENGUAJE ESCRITO |
| 9 (RLIN) | 14592 |
| Término controlado | NIÑOS |
| 9 (RLIN) | 62 |
| 773 0# - DOCUMENTO FUENTE | |
| Host Biblionumber | 20414 |
| Host Itemnumber | 41862 |
| Place, publisher, and date of publication | Buenos Aires : Noveduc, 1993- |
| Título | Novedades Educativas |
| Record control number | (AR-RoBPED)20414 |
| International Standard Serial Number | 03283534 |
| 942 ## - ELEMENTOS KOHA | |
| Fuente de clasificación | Universal Decimal Classification |
| Koha tipo de ítem | Revistas |
| Clasificación | 37(05) |
| Signatura librística | Nov 86 N° 399 (Nov.2024) |
| Número Koha | k.32598 |
| 945 ## - PROCESAMIENTO DE LA INFORMACIÓN LOCAL | |
| Catalogador y fecha | mar 04/2026 |
No hay ítems disponibles.